000 00444nam a2200181Ia 4500
003 0100
008 130303s9999 xx 000 0 und d
040 _cARRUPELIB
050 _aQ175.G768 1985
100 _aGruenfeld, Joseph
245 _aChanging rational standards
245 _bA survey of modern philosophy of science
260 _aLondon
260 _bUniversity Press of America
260 _C1985
300 _a157p
942 0 0 _04
999 _c23172
_d23172